<?xml version="1.0" encoding="UTF-8"?>
<record
    xmlns:xsi="http://www.w3.org/2001/XMLSchema-instance"
    xsi:schemaLocation="http://www.loc.gov/MARC21/slim http://www.loc.gov/standards/marcxml/schema/MARC21slim.xsd"
    xmlns="http://www.loc.gov/MARC21/slim">

  <leader>04650cam a22004698i 4500</leader>
  <controlfield tag="001">22235049</controlfield>
  <controlfield tag="003">CSPC</controlfield>
  <controlfield tag="005">20250430123952.0</controlfield>
  <controlfield tag="008">210914s2022    enk      b    001 0 eng  </controlfield>
  <datafield tag="010" ind1=" " ind2=" ">
    <subfield code="a">  2021045492</subfield>
  </datafield>
  <datafield tag="020" ind1=" " ind2=" ">
    <subfield code="a">9781108837767</subfield>
    <subfield code="q">(hardback)</subfield>
  </datafield>
  <datafield tag="040" ind1=" " ind2=" ">
    <subfield code="a">DNLM/DLC</subfield>
    <subfield code="b">eng</subfield>
    <subfield code="e">rda</subfield>
    <subfield code="c">DLC</subfield>
    <subfield code="d">CSPC</subfield>
  </datafield>
  <datafield tag="042" ind1=" " ind2=" ">
    <subfield code="a">pcc</subfield>
  </datafield>
  <datafield tag="050" ind1="0" ind2="0">
    <subfield code="a">RC952.55</subfield>
  </datafield>
  <datafield tag="060" ind1="0" ind2="0">
    <subfield code="a">WT 100</subfield>
  </datafield>
  <datafield tag="082" ind1="0" ind2="0">
    <subfield code="a">618.97</subfield>
    <subfield code="b">R271</subfield>
    <subfield code="2">23</subfield>
  </datafield>
  <datafield tag="245" ind1="0" ind2="0">
    <subfield code="a">Reichel's care of the elderly :</subfield>
    <subfield code="b">clinical aspects of aging /</subfield>
    <subfield code="c">edited by Jan Busby-Whitehead, [and 5 others].</subfield>
  </datafield>
  <datafield tag="246" ind1="1" ind2=" ">
    <subfield code="a">Care of the elderly</subfield>
  </datafield>
  <datafield tag="250" ind1=" " ind2=" ">
    <subfield code="a">Eighth edition.</subfield>
  </datafield>
  <datafield tag="263" ind1=" " ind2=" ">
    <subfield code="a">2205</subfield>
  </datafield>
  <datafield tag="264" ind1=" " ind2="1">
    <subfield code="a">New York, NY :</subfield>
    <subfield code="b">Cambridge University Press,</subfield>
    <subfield code="c">2022.</subfield>
  </datafield>
  <datafield tag="300" ind1=" " ind2=" ">
    <subfield code="a">xix, 799 pages :</subfield>
    <subfield code="b">illustrations ;</subfield>
    <subfield code="c">26 cm.</subfield>
  </datafield>
  <datafield tag="336" ind1=" " ind2=" ">
    <subfield code="a">text</subfield>
    <subfield code="b">txt</subfield>
    <subfield code="2">rdacontent</subfield>
  </datafield>
  <datafield tag="337" ind1=" " ind2=" ">
    <subfield code="a">unmediated</subfield>
    <subfield code="b">n</subfield>
    <subfield code="2">rdamedia</subfield>
  </datafield>
  <datafield tag="338" ind1=" " ind2=" ">
    <subfield code="a">volume</subfield>
    <subfield code="b">nc</subfield>
    <subfield code="2">rdacarrier</subfield>
  </datafield>
  <datafield tag="504" ind1=" " ind2=" ">
    <subfield code="a">Includes bibliographical references and index.</subfield>
  </datafield>
  <datafield tag="505" ind1="0" ind2=" ">
    <subfield code="a">Part I. General Approach to Care of the Elderly -- 1. Essential principles in care of the elderly -- 2. The biology of aging -- 3. Comprehensive geriatric assessment -- 4. Prevention and screening -- 5. Appropriate use of medications in the elderly -- 6. Healthy aging: exercise and nutrition as medicine for older adults -- Part II. Geriatric Syndromes -- 7. Frailty -- 8. Gait impairment and falls -- 9. Evaluation and management of dizziness -- 10. Evaluation and management of dementia -- 11. Recognition, management and prevention of delirium -- Part III. Care of the Elderly by Organ System -- 12. Diagnosis and management of heart disease in the elderly -- 13. Hypertension in the elderly -- 14. Peripheral artery disease in the elderly -- 15. Neurologic problems in the elderly -- 16. Prevention, diagnosis and management of stroke and transient ischemic attack (TIA) in the elderly -- 17. Movement disorders in the elderly -- 18. Sleep disorders in the elderly -- 19. Clinical geropsychiatry -- 20. Unhealthy substance uses in older adults -- 21. Pulmonary issues in the elderly -- 22. Gastrointestinal disease in the elderly -- 23. Serious infections in the elderly -- 24. Human immunodeficiency virus (HIV) in the elderly -- 25. Renal disorders in the elderly -- 26. Urological issues in older adults -- 27. Urinary incontinence and fecal incontinence -- 28. Gynecologic issues in the elderly -- 29. Endocrine disorders in the elderly -- 30. Diabetes mellitus in the older adult -- 31. Lipid management in older patients -- 32. Osteoporosis and other metabolic bone disorders -- 33. Common rheumatologic diseases in the elderly -- 34. Musculoskeletal injuries in the elderly -- 35. Dermatologic conditions in the elderly -- 36. Pressure ulcers: practical considerations in prevention and treatment -- 37. Anemia and other hematological problems in the elderly -- 38. Cancer in the elderly -- 39. Eye problems of the aged -- 40. Geriatric otolaryngology -- 41. Dental care for the elderly patient -- 42. Foot health in the elderly -- Part IV. Principles of Care for the Elderly -- 43. Surgical care of the elderly -- 44. Rehabilitation in the elderly -- 45. Geriatric sexuality -- 46. Aging in adults with intellectual disabilities and severe and persistent mental illness -- 47. Community-based long-term care -- 48. Post-acute care and institutional long-term care -- 49. Palliative and end of life care -- 50. The mistreatment of older adults -- 51. Driving and the older adult -- 52. Integrative medicine in the care of the elderly -- 53. Implications of an aging society -- 54. Retirement: a contemporary perspective -- 55. Cultural competence and health literacy -- 56. Caregiving; 57. Performance improvement in a changing health care system -- 58. Health care organization and financing -- 59. Advance care planning: using values and orders in end-of-life care -- 60. Ethical decision-making in the care of the elderly.</subfield>
  </datafield>
  <datafield tag="650" ind1="1" ind2="2">
    <subfield code="a">Geriatrics</subfield>
    <subfield code="x">Methods.</subfield>
  </datafield>
  <datafield tag="650" ind1="2" ind2="2">
    <subfield code="a">Aging</subfield>
    <subfield code="x">Physiology.</subfield>
  </datafield>
  <datafield tag="650" ind1="2" ind2="2">
    <subfield code="a">Health services for the aged.</subfield>
  </datafield>
  <datafield tag="700" ind1="1" ind2=" ">
    <subfield code="a">Busby-Whitehead, Jan,</subfield>
    <subfield code="e">editor.</subfield>
  </datafield>
  <datafield tag="700" ind1="1" ind2=" ">
    <subfield code="a">Durso, Samuel C.,</subfield>
    <subfield code="e">editor.</subfield>
  </datafield>
  <datafield tag="700" ind1="1" ind2=" ">
    <subfield code="a">Arenson, Christine,</subfield>
    <subfield code="e">editor.</subfield>
  </datafield>
  <datafield tag="700" ind1="1" ind2=" ">
    <subfield code="a">Palmer, Mary H.,</subfield>
    <subfield code="d">editor.</subfield>
  </datafield>
  <datafield tag="700" ind1="1" ind2=" ">
    <subfield code="a">Elon, Rebecca,</subfield>
    <subfield code="e">editor.</subfield>
  </datafield>
  <datafield tag="700" ind1="1" ind2=" ">
    <subfield code="a">Reichel, William,</subfield>
    <subfield code="e">editor.</subfield>
  </datafield>
  <datafield tag="776" ind1="0" ind2="8">
    <subfield code="i">Online version:</subfield>
    <subfield code="t">Reichel's care of the elderly</subfield>
    <subfield code="b">8.</subfield>
    <subfield code="d">Cambridge ; New York, NY : Cambridge University Press, 2022</subfield>
    <subfield code="z">9781108942751</subfield>
    <subfield code="w">(DLC) 2021045493</subfield>
  </datafield>
  <datafield tag="906" ind1=" " ind2=" ">
    <subfield code="a">7</subfield>
    <subfield code="b">cbc</subfield>
    <subfield code="c">orignew</subfield>
    <subfield code="d">1</subfield>
    <subfield code="e">ecip</subfield>
    <subfield code="f">20</subfield>
    <subfield code="g">y-gencatlg</subfield>
  </datafield>
  <datafield tag="942" ind1=" " ind2=" ">
    <subfield code="2">ddc</subfield>
    <subfield code="c">BK</subfield>
    <subfield code="h">618.97</subfield>
    <subfield code="i">R271</subfield>
    <subfield code="k">NUR</subfield>
    <subfield code="m">2022</subfield>
    <subfield code="e">23</subfield>
    <subfield code="n">0</subfield>
  </datafield>
  <datafield tag="952" ind1=" " ind2=" ">
    <subfield code="0">0</subfield>
    <subfield code="1">0</subfield>
    <subfield code="2">ddc</subfield>
    <subfield code="4">0</subfield>
    <subfield code="7">0</subfield>
    <subfield code="a">CSPC</subfield>
    <subfield code="b">CSPC</subfield>
    <subfield code="c">NUR</subfield>
    <subfield code="d">2025-04-21</subfield>
    <subfield code="l">0</subfield>
    <subfield code="o">NUR 618.97 R271 2022</subfield>
    <subfield code="p">029490</subfield>
    <subfield code="r">2025-04-21 14:00:30</subfield>
    <subfield code="t">1-1</subfield>
    <subfield code="w">2025-04-21</subfield>
    <subfield code="y">BK</subfield>
  </datafield>
  <datafield tag="999" ind1=" " ind2=" ">
    <subfield code="c">29444</subfield>
    <subfield code="d">29444</subfield>
  </datafield>
</record>
